Working women in India: (Record no. 152342)

MARC details
000 -LEADER
fixed length control field 00577nam a22001817a 4500
005 - DATE AND TIME OF LATEST TRANSACTION
control field 20180530123802.0
010 ## - LCCN (DPL NO)
LC control number ENG-123121
020 ## - INTERNATIONAL STANDARD BOOK NUMBER
International Standard Book Number 9789387370005
Terms of availability 800.00
035 ## - SYSTEM CONTROL NUMBER
System control number EN-106653
037 ## - SOURCE OF ACQUISITION
Source of stock number/acquisition DBAD/PUB.
082 ## - DEWEY DECIMAL CLASSIFICATION NUMBER
Classification number 331.40954
245 ## - TITLE STATEMENT
Title Working women in India:
Statement of responsibility, etc edited by Archana Yadav
Remainder of title key issues /
260 ## - PUBLICATION, DISTRIBUTION, ETC. (IMPRINT)
Place of publication, distribution, etc New Delhi
Name of publisher, distributor, etc AlterNotes Press
Date of publication, distribution, etc 2018
270 ## - ADDRESS
Address 161/55,Hasrat Mohani Lane, Ghafoor Nager Road Jamia Nager,
City New Delhi
Postal code 110025
300 ## - PHYSICAL DESCRIPTION
Extent 267p.
Other physical details 23cm(Hb)
700 ## - ADDED ENTRY--PERSONAL NAME
Dates associated with a name Yadav, Archana
942 ## - ADDED ENTRY ELEMENTS (KOHA)
Source of classification or shelving scheme Dewey Decimal Classification
Item type English Books
Classification part 331.40954
Call number suffix WOR
Holdings
Withdrawn status Lost status Not for loan Collection code Home library Current library Date acquired Source of acquisition Cost, normal purchase price Full call number Barcode Copy number Cost, replacement price Koha item type
    Not For Loan Non-fiction D.B.Act.Division Bawana 29/05/2018 DBAD/PUB 800.00 331.40954 WOR EN-106653 1 800.00 English Books

© Delhi Public Library
Hit Counter
free hit counter